Test de Rapidité : Allez de A à Z - Statistiques

Statistiques générales
  • Ce quiz a été pris 3 431 fois
  • Le résultat moyen est 23 sur 26
Statistiques - réponses
Hint Réponse % Correct
1 A
99%
2 B
95%
5 E
95%
3 C
94%
4 D
94%
6 F
92%
7 G
91%
8 H
91%
9 I
90%
10 J
89%
11 K
88%
12 L
88%
15 O
88%
13 M
87%
16 P
86%
14 N
85%
18 R
85%
17 Q
84%
20 T
83%
19 S
82%
21 U
82%
22 V
78%
26 Z
77%
23 W
76%
24 X
75%
25 Y
75%
Aucun quiz correspondant
Distribution des résultats
% des personnes avec chaque résultat
Percentile par nombre de réponses
Votre historique - résultats
Vous n’avez pas pris ce quiz